Statistics for Frankish Kings

Click here to take the quiz!

General Stats

  • This quiz has been taken 72 times
  • The average score is 15 of 40

Answer Stats

ReignKing% Correct
768 - 814Charles I
88%
509 - 511Clovis I
86%
751 - 768Pépin III
62%
814 - 840Louis I
57%
768 - 771Carloman I
52%
623 - 634Dagobert I
52%
629 - 639Dagobert I
52%
558 - 561Chlothar I
45%
639 - 657Clovis II
45%
675 - 676Clovis III
45%
691 - 695Clovis IV
45%
555 - 558Childebert I
43%
511 - 558Childebert I
43%
558 - 561Chlothar I
43%
567 - 584Chilperic I
38%
676 - 679Dagobert II
33%
511 - 534Theuderic I
33%
673 - 675Childeric II
31%
673 - 675Childeric II
31%
613 - 623Chlothar II
31%
584 - 629Chlothar II
31%
561 - 575Sigebert I
31%
534 - 548Theudebert I
31%
575 - 595Childebert II
29%
657 - 673Chlothar III
29%
661 - 673Chlothar III
29%
695 - 711Childebert III
26%
656 - 661Childebert III
26%
715 - 721Chilperic II
26%
711 - 715Dagobert III
26%
613Sigebert II
26%
595 - 612Theudebert II
26%
612 - 613Theuderic II
26%
561 - 567Charibert I
24%
548 - 555Theudebald I
24%
675 - 679Theuderic III
24%
679 - 691Theuderic III
24%
743 - 751Childeric III
21%
634 - 656Sigebert III
21%
721 - 737Theuderic IV
19%

Score Distribution

Percentile by Number Answered

Percent of People with Each Score

Your Score History

You have not taken this quiz